000 00366nam a2200145Ia 4500
005 20250729165734.0
008 250729s2013 xx 000 0 und d
041 _akan
082 _a490.75 KARS
100 _aKarnataka Govt
_9231809
245 _aSiriganada
260 _aBangalore
_bKarnataka Text Book Socity
_c2013
300 _a146p
650 _aKannada
_9231810
999 _c239467
_d239467